000 02208cam a22004934i 4500
001 u50041
003 PE-LiUPU
005 20260218111713.0
008 150706s2007 r 000 0 d
020 _a9789875673663
040 _aPE-LiUPU
_bspa
_cPE-LiUPU
_erda
049 _aPRUA
082 0 4 _a231.7652
_bB817e
_223
100 1 _aBrand, Leonard,
_eautor.
245 1 0 _aEn el principio. :
_bla ciencia y la Biblia en la búsqueda de los orígenes /
_cLeonard Brand, dirigido por Pablo D. Ostuni y Roberto Biaggi; edición literaria a cargo de David C. Jarnes.
264 1 _aFlorida :
_bAsociación Casa editora Sudamericana,
_c2007.
300 _a192 páginas ;
_c23 cm
336 _atext
_2rdacontent
337 _aunmediated
_2rdamedia
338 _avolume
_2rdacarrier
504 _aBibliografía : página 179-189.
505 0 _aLa ciencia: su poder y sus límites -- la teoría de la evolución en su contexto histórico -- Fe y ciencia -- El comienzo de la vida -- Microevolución y el origen de las especies -- Todo es cuestión de interpretación -- Origen de las formas de vida: la evidencia histórica -- La biología moderna y el desafío del darwinismo -- La geología: los procesos y el tiempo -- El planteamiento de una geología de 'corta edad' (short age) -- ¿Qué importancia tiene? -- Una orientación para el futuro -- investigaciones inspiradas por el intervencionismo -- La sociobiología.
526 _aSEG42
526 _aSEG41
526 _aSEG40
526 _aSEG39
526 _aP94
526 _aP87
526 _aP86
526 _aP85
526 _aP77
526 _aP76
526 _aP35
650 1 4 _aCreación (Teología)
_91557
650 2 4 _aEvolución (Biología)
_xAspectos religiosos
_xCristianismo
_9229
650 2 4 _aReligión y ciencia
_9948
910 _agl20110829
942 _2ddc
_cBK
980 _818226
_gJaime Vilcazán Jefe de Análisis Documental
999 _c52445 | 1 | 2
_d52445